000 00572cam a2200181 4500
001 1843
005 20181127164101.0
008 030425s2004 njua b 001 0 eng
010 _a 2003051354
020 _a0130977810
100 1 _aNitko, Anthony J.
245 1 0 _aEducational assessment of students /
_cAnthony J. Nitko.
250 _a4th ed.
260 _aUpper Saddle River, N.J. :
_bMerrill,
_cc2004.
300 _axiii, 539 p. :
_bill. ;
_c28 cm.
504 _aIncludes bibliographical references (p. 499-511) and index.
650 0 _aEducational tests and measurements.
999 _c1409
_d1409